000 01155nam a22002897a 4500
001 4965
003 FISKH
005 20250714104804.0
008 241028b cb ||||| |||| 00| 0 eng d
020 _a9780746061978
040 _aFISKH
_beng
_cFISKH
_dFISKH
082 _a823.914
100 _aAmery, Heather
245 _aThe silly sheepdog /
_cHeather Amery Illustrated by Stephen Cartwright Language consultant: Betty Root Series editor: Jenny Tyler
250 _aThis edition first published in 2004
260 _aLondon :
_bUsborne Farmyard,
_c2004.
300 _a15 pages :
_bColor illustrations ;
_c21 cm
505 _aJ
520 _a-- Each page has two reading levels, one for beginners and one for more advanced readers-- Beginners can use the first reading level to achieve the satisfaction of reading the whole book by themselves-- Stephen Cartwright's illustrations give clues to the words and their meanings
521 8 _a470L
_bLexile
521 8 _aJ
_bRaz-Plus
650 _2Animals
_aFarm
650 _2Sheep
_aChildren's fiction
700 _aCartwright, Stephen
_dIllustrator
942 _2ddc
_cBK
_n0
999 _c4965
_d4965